00408nam a22001217a 4500008004100000040005500041080001400096245006900110260005700179300001800236650001400254653001800268230328b |||||||| |||| 00| 0 eng d aNational Science LibrarycNational Science Library aR 92 bP3 aContemporary Who's Who c/ American Biographical Institute, Inc. aUSA: bAmerican Biographical Institute, Inc., c2003 alxxiii, 503p. aBiography aMatthias Beck